000 00309nam a22001337a 4500
008 170202b xxu||||| |||| 00| 0 eng d
020 _a9780071417433
041 _aeng
080 _a61
100 _a3
101 _aSHM
245 _a2004 CURRENT MEDICALDIAGNOSIS & TREATMENT
_cTIERNEY, L.M
942 _2udc
_cBK
999 _c4263
_d4263